[Event "URS U26-ch"]
[Site "Vilnius"]
[Date "1978.??.??"]
[Round "12"]
[White "Chekhov, Valery A"]
[Black "Psakhis, Lev"]
[Result "1-0"]
[WhiteElo "2470"]
[BlackElo "2480"]
[Annotator "Moiseev,V"]
[PlyCount "60"]
[EventDate "1978.??.??"]
[EventType "tourn"]
[EventRounds "15"]
[EventCountry "URS"]
[EventCategory "7"]
[SourceTitle "MCL"]
[Source "ChessBase"]
[SourceDate "1999.07.01"]
[SourceVersion "1"]
[SourceVersionDate "1999.07.01"]
[SourceQuality "1"]

1. e4 e5 2. Nf3 Nc6 3. c3 Nf6 (3... d5 4. Qa4 Bd7 5. exd5 Nd4 6. Qd1 Nxf3+ 7.
Qxf3 Nf6 8. h3 e4 9. Qe3 Be7 10. c4 O-O 11. Nc3 c6 12. Be2 cxd5 13. cxd5 Bf5
14. Bc4 Rc8 $44 {Rogers,I-Romanishin,O/Malmo/1993/0:1/ (40)}) 4. d4 Nxe4 5. d5
Nb8 (5... Ne7 $5 6. Nxe5 Ng6 7. Bd3 (7. Qd4 Qf6 8. Qxe4 Qxe5 9. Qxe5+ Nxe5 10.
Bf4 d6 11. Na3 Be7 12. Bb5+ Bd7 13. O-O O-O-O 14. Rfe1 Bxb5 15. Nxb5 a6 16. Nd4
Bf6 $15 {Maier,A-Smeikal,J/Munchen/1992/0:1 (36)}) (7. Nxg6 $5) 7... Nxe5 (7...
Nxf2 $2 8. Bxg6 $1 $18) 8. Bxe4 Bc5 9. Qh5 d6 10. Bg5 $2 (10. h3 $10) 10... Bg4
$1 11. Qh4 f6 12. Bc1 Qe7 13. O-O g5 14. Qg3 f5 $19 {Kuijf,M-Anand,V/Wijk aan
Zee/1990/0:1/24/}) 6. Nxe5 Nf6 $6 (6... Bc5 7. Qg4 O-O 8. Qxe4 d6 9. Bd3 f5 10.
Qc4 b5 11. Qxb5 Qe7 12. O-O $14 {Schussler/}) (6... Bd6 7. Qd4 O-O 8. Qxe4 Bxe5
$13) (6... Qe7 $5 7. Qd4 d6 8. Qxe4 (8. Bb5+ Nd7 9. Bxd7+ Bxd7 10. Nxd7 Nf6+
11. Be3 Qxd7 12. O-O Be7 13. h3 O-O 14. c4 a6 15. Nc3 Rae8 16. Qd3 Qd8 $10 {
Lukin,A-Meister,J/URS(ch)/1991/1/2-1/2/20}) 8... Qxe5 9. Bd3 Nd7 10. O-O Qxe4
11. Bxe4 Nf6 12. Bf3 Bg4 $10 {Sveshnikov,E-Agzamov,G/Riga USSR(ch)/1985/1/2-1/
2/46}) 7. Be2 Bc5 8. O-O O-O 9. Nd3 Be7 (9... Bb6 $6 10. d6 $1 cxd6 11. Bg5 $16
) 10. c4 d6 11. Nc3 Bf5 $6 (11... Re8 $5 {/\ Be7-f8,Nb8-d7}) 12. g4 $1 Bxd3 13.
Bxd3 Nfd7 (13... Nbd7 $6 14. g5 Ne8 15. f4 $16) 14. f4 Na6 $6 (14... Nc5 $5 15.
Bc2 Bf6 16. g5 Bxc3 17. bxc3 f5 18. Be3 Nbd7 19. Bd4 Qe7 $14) 15. g5 c6 (15...
Nac5 16. Bc2 a5) 16. Rf3 (16. Bxh7+ $6 Kxh7 17. Qh5+ Kg8 18. Rf3 f5 19. Rh3 Nf6
20. gxf6 Bxf6 $13 {Chekhov/}) (16. Be3 $5 {/\ 17.Be3-d4}) 16... f5 $6 (16... g6
$142) 17. Be3 $16 Ndc5 18. Bc2 Nb4 19. Bb1 a5 20. a3 Nba6 21. Bc2 Qb6 $2 (21...
Qd7 22. Rb1 Rae8 23. b4 axb4 24. axb4 Ne4 25. Bxe4 (25. Nxe4 $6 fxe4 26. Bxe4
Qg4+ 27. Kh1 Bxg5 $13) 25... fxe4 26. Nxe4 $16) 22. Rb1 Qc7 23. Rh3 $1 {
/\ 24.Rh7} g6 $8 24. b4 axb4 25. axb4 Nd7 26. dxc6 bxc6 27. c5 Nxb4 (27... dxc5
28. Bb3+ Kh8 29. bxc5 $18 Bxc5) (27... d5 28. Nxd5 cxd5 29. Qxd5+ Rf7 30. Rxh7
$1 Raf8 31. Rxf7 Rxf7 32. Bb3 $18) 28. cxd6 $1 (28. Rxb4 $18) 28... Bxd6 29.
Rxb4 Bxb4 30. Bb3+ Rf7 1-0

[Event "FRA-ch Prelim Gr-B"]
[Site "Besancon"]
[Date "1999.08.19"]
[Round "4"]
[White "Boudre, Jean Pierre"]
[Black "Hauchard, Arnaud"]
[Result "1-0"]
[WhiteElo "2397"]
[BlackElo "2518"]
[Annotator "Mueller,Karsten"]
[PlyCount "51"]
[EventDate "1999.08.16"]
[EventType "tourn"]
[EventRounds "7"]
[EventCountry "FRA"]
[EventCategory "10"]
[SourceTitle "CBM 073"]
[Source "ChessBase"]
[SourceDate "1999.12.01"]
[SourceVersion "1"]
[SourceVersionDate "1999.12.01"]
[SourceQuality "1"]

1. e4 d5 2. exd5 Qxd5 3. Nf3 Bg4 4. Be2 Nc6 5. d4 O-O-O 6. c3 e5 7. Be3 exd4 (
7... e4 $5 8. Ng1 Bxe2 9. Nxe2 f5 10. Nd2 Nf6 $15 {(Wahls in CBM 59)}) 8. cxd4
Nf6 $6 (8... Qd6 $5 {ist eine Empfehlung von GM Matthias Wahls aus CBM 59. Er
führt weiter aus:"} 9. Qb3 (9. O-O Bxf3 10. Bxf3 Nxd4 11. Bxd4 Qxd4 12. Nc3 (
12. Qb3 Qb4 13. Qxf7 Qxb2) 12... Qxd1 13. Raxd1 Rxd1 14. Rxd1 {und jetzt nicht
14..Sf6?! wegen 15.Sd5, sondern 14..Sh6 mit guten Gewinnaussichten.}) (9. Nbd2
f5 $1 10. Nc4 Qe6 11. Qb3 {(mit der Drohung 12.Sb6)} (11. Ng5 Bb4+ 12. Nd2 Qd7
13. Bxg4 fxg4 14. O-O Bxd2 15. Qxd2 Nf6 {mit der unangenehmen Drohung 16..h6.})
11... f4 12. Bxf4 Bb4+ 13. Bd2 Qxe2+ 14. Kxe2 Nxd4+ 15. Kf1 Nxb3 16. axb3 Bxd2
17. Ncxd2 a6 {mit deutlichem schwarzen Übergewicht.}) 9... Qb4+ 10. Nc3 Qxb3 (
10... Nf6 $5 {K.Müller, CBM 73}) 11. axb3 a6 12. Ra4 (12. O-O Bxf3 13. Bxf3
Nxd4 $17) (12. Ng5 Bxe2 13. Nxf7 Bh5 14. Nxh8 Nf6 15. h3 g5 $1 16. g4 Be8 17.
Bxg5 ({Was ist von} 17. h4 {zu halten ? (K.Müller, CBM 73)}) 17... Bg7 $19)
12... Nf6 13. O-O Bd6 {und mit seiner gesunden Bauernstruktur kann sich
Schwarz schon auf das Endspiel freuen."(Ende des Zitats aus CBM 59)}) 9. Nc3
Qh5 $6 10. h3 Bd6 11. Qa4 Bd7 $6 (11... a6 $6 12. O-O-O Bd7 13. Bxa6 $40) (
11... Bb4 $5 12. O-O Bxh3 {und die Lage ist zumindest nicht so klar, obwohl
die schwarze Spielweise sehr verdächtig aussieht.}) 12. Ne5 $1 Qf5 (12... Nxe5
$2 13. Qxa7 Bg4 14. dxe5 Bxe2 15. exd6 Ba6 16. dxc7 $18) 13. Nxd7 ({Auch} 13.
Nxf7 {kam in Betracht.}) 13... Nxd7 14. d5 Nb4 15. O-O-O Ne5 16. a3 $1 (16.
Qxa7 $4 Qc2#) 16... Nbd3+ {[%tqu "De","Was hatte Weiß geplant ?","","","d1d3",
"danach erhält Weiß kreuzgefährlichen Königsangriff, während sein eigener
Monarch auf d2 erstaunlich sicher steht.",6]} 17. Rxd3 $3 {[%mdl 512]} (17.
Bxd3 $2 Nxd3+ 18. Rxd3 Qxd3 19. Qxa7 Qa6 $17) 17... Nxd3+ 18. Kd2 $1 Ne5 (18...
Nxf2 $2 19. Rf1 $18) (18... Nxb2 $2 19. Qxa7 h5 20. Rb1 $18) 19. f4 (19. Qxa7
$5 Qg6 (19... c6 20. f4 Bb8 21. Qa8 Rhe8 22. Rf1 $18) 20. f4 Nc6 21. Qa8+ Nb8
22. g4 $40) 19... Nd7 $2 (19... a6 $1 20. fxe5 Qxe5 21. Rf1 $14) 20. Qxa7 $18
h5 21. g3 $6 (21. Bd3 $5 Qf6 22. g3 $18) 21... Rde8 $6 (21... Qg6 22. Bd3 Qxg3
(22... f5 23. Qa8+ Nb8 24. Rc1 $18) 23. Qa8+ Nb8 24. Bf5+ Rd7 25. Rg1 Qf3 26.
Rxg7 $18) (21... Nb8 $5 22. Bd3 Qd7 23. Qa8 $40) 22. Bd3 $1 Qf6 23. Bd4 $1 {
nach dieser Zentralisierung der Läufer ist es aus} Qe7 24. Bf5 (24. Qa8+ Nb8
25. Bf5+ $18) 24... c5 25. dxc6 bxc6 26. Bb6 (26. Bb6 g6 27. Qa8+ Bb8 28. Qa6#)
1-0

[Event "EU-chT (Men) 20th"]
[Site "Reykjavik"]
[Date "2015.11.16"]
[Round "4.1"]
[White "Jobava, Baadur"]
[Black "Saric, Ivan"]
[Result "1-0"]
[WhiteElo "2668"]
[BlackElo "2652"]
[Annotator "Pavlovic,M"]
[PlyCount "115"]
[EventDate "2015.11.13"]
[EventType "team-swiss"]
[EventRounds "9"]
[EventCountry "ISL"]
[SourceTitle "CBM 170"]
[Source "ChessBase"]
[SourceDate "2016.01.15"]
[SourceVersion "1"]
[SourceVersionDate "2016.01.15"]
[SourceQuality "1"]
[WhiteTeam "Georgia"]
[BlackTeam "Croatia"]
[WhiteTeamCountry "GEO"]
[BlackTeamCountry "CRO"]

1. e4 e5 2. Nf3 Nc6 3. c3 Nf6 4. d4 Nxe4 5. d5 Ne7 6. Nxe5 Ng6 7. Qe2 Qe7 8.
Qxe4 Qxe5 9. Qxe5+ Nxe5 10. Bf4 Bd6 {An unusual move although it had been
played before.} ({A usual line is} 10... d6 11. Na3 Be7 (11... a6 12. O-O-O Be7
13. Re1 Ng6 14. Bd2 O-O 15. Nc4 Bf6 16. Bd3 Bd7 17. Ne3 Ne5 18. Be2 Rfe8 19. f4
Ng6 20. g3 {1-0 (61) Pencheva,I (1799)-Atanasova,E (1727) Vratsa 2012; with
interesting play ahead of us.}) 12. Nc4 Nxc4 13. Bxc4 Bd7 14. Kd2 O-O 15. Rhe1
Rfe8 16. a4 a6 17. a5 Bf6 18. Bd3 h6 19. b4 Kf8 20. Rac1 {1/2-1/2 (41)
Velimirovic,D (2510)-Malaniuk,V (2600) Becici 1993. White has the initiative
in this endgame.}) 11. Bg3 f5 (11... O-O 12. Nd2 f5 {would take us to the same
position.}) 12. Nd2 O-O 13. f4 $5 {In a known position Jobava found this new
and promising pawn sacrifice.} (13. f3 f4 14. Bf2 Be7 15. Nc4 Nxc4 16. Bxc4 d6
17. Kd2 Bf6 18. a4 Bd7 19. a5 {1/2-1/2 (48) Velimirovic,D (2515)-Littlewood,P 
(2440) Borovo 1980. Not so sharp as the Jobava game but White does have
slightly better chances after all.}) 13... Ng6 14. O-O-O Bxf4 {It was
interesting to refrain from taking the pawn:} (14... b6 $5 15. Nc4 (15. Nf3
Nxf4 16. Rd4 Ng6 17. Bxd6 cxd6 18. Bd3 Ne5 {it seems that Black is not doing
badly here}) 15... Bxf4+ 16. Bxf4 Nxf4 17. d6 c5 $5 18. Ne5 Re8 19. g3 (19.
Bc4+ Kf8 20. Rhf1 Rxe5 21. Rxf4 Bb7 22. g4 g6 23. gxf5 g5 24. Rf2 Bc6 25. f6 h6
{again with an unusual sharp type of endgame}) 19... Rxe5 20. gxf4 Re8 21. Bc4+
Kf8 22. Rd5 g6 23. Rg1 {with a nasty idea of Rxf5+!} Re6 24. Rd3 Re8 25. h4 Kg7
26. h5 Bb7 27. hxg6 h6 $5 {with unbalanced play.}) 15. d6 $1 cxd6 (15... c6 16.
Bxf4 Nxf4 17. g3 Ne6 18. Bc4 Kh8 19. Rhe1 {with nice play for White.}) 16. Bxf4
Nxf4 17. g3 Nh5 18. Nc4 d5 19. Nd6 Nf6 20. Bg2 Ne4 21. Rxd5 Nxd6 22. Rxd6 Re8
23. Rf1 g6 24. Bd5+ Kh8 25. Kd2 {White has very strong compensation and
already Black is in danger of running out of good moves.} a5 26. Rf4 {
Imprecise although it looks logical.} (26. c4 Kg7 27. Rf3 $1 Ra7 28. Rb3 {
with a strong initiative.}) 26... Re5 27. Rc4 Rb8 28. Rc7 b6 {A bit passive} (
28... b5 $1 29. b3 Kg7 30. c4 bxc4 31. Bxc4 Kf8 32. Rf6+ Ke8 33. Bg8 Ke7 34.
Rf7+ Kd6 35. Ra7 Bb7 {Black is fine.}) 29. c4 Kg7 30. a4 Kf8 31. Rf6+ Ke8 32.
Ra7 {Black can't really activate his remaining pieces and that creates
problems in this game.} Re7 33. h4 Rg7 34. Ke3 Ke7 35. Re6+ Kd8 36. Re5 h6 $6 {
Passive.} (36... Bb7 $1 37. Bxb7 d6 38. Rd5 Rbxb7 39. Rxb7 Rxb7 40. Rxd6+ Ke7
41. Rd5 Rc7 42. Kd4 Ke6 43. Rb5 Rd7+ 44. Kc3 {Still White has some pressure
but Black has chances to defend now.}) 37. Kd4 {Now it is rather difficult to
do anything with Black.} Rh7 38. h5 Rg7 39. hxg6 Rxg6 40. Re3 Rg7 41. Rf3 Rg6
42. Rxf5 Rxg3 43. Rf8+ Ke7 44. Rf7+ Kd6 45. Rf6+ Ke7 46. Rxh6 Rg4+ 47. Ke5 Rg5+
48. Kf4 Rg1 49. Be4 Re1 50. b3 Re2 51. Ke5 $18 Kf7 52. Kd6 Rxe4 53. Kc7 Rb7+
54. Rxb7 Bxb7 55. Kxb7 Re6 56. Rxe6 dxe6 57. Kxb6 e5 58. Kxa5 1-0

[Event "Tbilisi FIDE GP"]
[Site "Tbilisi"]
[Date "2015.02.22"]
[Round "7"]
[White "Jobava, Baadur"]
[Black "Dominguez Perez, Leinier"]
[Result "1-0"]
[WhiteElo "2696"]
[BlackElo "2726"]
[Annotator "Pavlovic,M"]
[PlyCount "131"]
[EventDate "2015.02.15"]
[EventType "tourn"]
[EventRounds "11"]
[EventCountry "GEO"]
[EventCategory "20"]
[SourceTitle "CBM 165"]
[Source "ChessBase"]
[SourceDate "2015.03.11"]
[SourceVersion "1"]
[SourceVersionDate "2015.03.11"]
[SourceQuality "1"]

1. e4 e5 2. Nf3 Nc6 3. Be2 {Jobava's specialty, a reversed Philidor Defence.
There is an interesting thing about reversed openings: they never really look
like the original.} Nf6 4. d3 d5 5. Nbd2 Bc5 6. c3 a5 7. a4 O-O 8. O-O Re8 9.
h3 h6 10. Re1 Be6 11. Nh2 {A new idea if one can call it that; as Black I am
sure you can see ...Nh7 a lot.} Ne7 12. Bf1 Ng6 13. Nhf3 dxe4 (13... c6 $13 14.
d4 $6 dxe4 15. dxc5 exf3 16. Nxf3 Qxd1 17. Rxd1 Bb3 $15) 14. dxe4 c6 {Domingez
plays it safe.} 15. Qc2 Qc7 16. Nc4 Red8 17. Be3 Bxe3 18. Nxe3 Rdb8 {A bit of
a waste of time but still nothing much changes.} (18... Nd7 19. b4 Ndf8 20. Bc4
Bxc4 21. Nxc4 axb4 22. cxb4 Ne6 23. Qc3 f6 $13) 19. Rad1 Rd8 20. g3 Qb6 21. Nd2
Qc7 22. Kg2 Nf8 23. Nf3 N8d7 24. b4 {Preventing ...Nc5 is essential.} axb4 (
24... Nb6 $5 25. Ra1 Qe7 $5 {not an easy move because it makes the e5-pawn
vulnarable} (25... Nc8 26. Bc4 $1 Qe7 27. Nxe5 Bxh3+ 28. Kxh3 Qxe5 29. Nf5 $36)
26. Reb1 (26. Nxe5 Bxh3+ 27. Kxh3 Qxe5 28. Nf5 g6 $1 $17) 26... Nc8 {[%cal
Gc8d6]} 27. Bc4 Nd6 28. Bxe6 Qxe6 29. Nd2 Nh7 30. h4 Nf6 $11 {this looks an
equilibrium.}) 25. cxb4 Qb6 26. Rb1 Qa7 27. Ra1 Qb6 28. Reb1 Qc7 {In the last
couple of moves Black has been losing the thread of the game.} 29. a5 $14 Rdc8
30. Bc4 $1 {Finally White has achieved his best idea.} Qd6 31. Nd2 b6 32. Bxe6
Qxe6 33. Nb3 {Now the passer and a slightly better structure with better
placed pieces give White something to hope for.} Rcb8 34. Nc4 bxa5 35. bxa5 Rb5
36. a6 (36. Ra4 $1 {keeping everything protected was a better try.}) 36... Ne8
({Black missed a chance to equalise at once with} 36... c5 $1 37. a7 Rb7 38.
Ne3 Rbxa7 39. Rxa7 Rxa7 40. Nxc5 Nxc5 41. Qxc5 Ra2 $11) 37. Rd1 $6 (37. a7 $1
$16 Rb7 $2 38. Nc5 $1 Nxc5 39. Rxb7 Nxb7 40. Nb6 $18) 37... Nc5 $1 38. Nxc5
Rxc5 39. Ra4 Nc7 $6 {Black missed a big chance not only to equalise but to
remain a pawn up in a rook endgame.} (39... Nd6 $1 40. Rc1 Rxc4 41. Rxc4 Nxc4
42. Qxc4 Qxc4 43. Rxc4 Rxa6 $15) 40. a7 Nb5 41. Qd3 Rxa7 42. Rxa7 Rxc4 {
Sad necessity. Probably Black missed the fact that the pawn is tabu now due to
his back rank problems.} (42... Nxa7 43. Qd8+ Kh7 44. Ne3 $18 {[%cal Gd8f8,
Gd1d8]}) 43. Qd8+ Kh7 44. Re7 Qf6 45. Qd7 $18 Rd4 46. Rxd4 Nxd4 47. Rxf7 Qg6
48. f3 c5 49. h4 h5 50. Kh3 Qh6 51. g4 hxg4+ 52. Qxg4 Kg8 53. Rc7 Ne6 54. Rc8+
Kf7 55. Qf5+ Ke7 56. Qxe5 Kd7 57. Ra8 Nf4+ 58. Kg4 Qxh4+ 59. Kxh4 Ng6+ 60. Kg3
Nxe5 61. Kf4 Kd6 62. Rd8+ Nd7 63. Rg8 c4 64. Rxg7 Ne5 65. Ke3 c3 66. f4 1-0

[Event "EU-ch 18th"]
[Site "Minsk"]
[Date "2017.06.10"]
[Round "11"]
[White "Jobava, Baadur"]
[Black "Matlakov, Maxim"]
[Result "1/2-1/2"]
[WhiteElo "2713"]
[BlackElo "2714"]
[Annotator "Prasanna,V"]
[PlyCount "97"]
[EventDate "2017.05.30"]
[EventType "swiss"]
[EventRounds "11"]
[EventCountry "BLR"]
[SourceTitle "CBM 179"]
[Source "ChessBase"]
[SourceDate "2017.07.12"]
[SourceVersion "1"]
[SourceVersionDate "2017.07.12"]
[SourceQuality "1"]

{Jobava had a poor start but recovered with consecutive wins and winning this
game would have brought him the gold medal.} 1. e4 e5 2. Nf3 Nc6 3. c3 {
The Ponziani.} Nf6 4. d3 {Jobava plays the Reversed Philidor which has served
him well in the past.} (4. d4 {is of course the main line.}) 4... d5 5. Qc2 a5
6. Be2 Bc5 7. O-O O-O 8. a4 h6 9. Na3 Re8 10. h3 Be6 {White has chosen an
extremely compact setup offering Black more space.} 11. Re1 Qd7 12. Bf1 Rad8 (
12... Nh5 {was possible but it is hard to recognise this as a critical moment;
12...Rad8 is perfectly natural.} 13. Be3) 13. Nb5 Bb6 (13... Nh5) 14. Be3 Bxe3
15. Rxe3 Qe7 16. Ree1 {White has played very patiently and has developed his
forces.} dxe4 17. dxe4 Rd7 18. Rad1 Red8 19. Rxd7 Rxd7 {A draw for Black would
mean that the championship was his so he was not too displeased with all the
exchanges and the position on the board.} 20. Na3 Rd8 21. Bb5 Qc5 22. Qe2 Ne8
23. Bc4 {White minimally tries to improve his position and come closer to
equality and maintain the balance.} Bxc4 24. Nxc4 Nd6 25. Na3 b6 26. h4 $5 Nb7
27. Qa6 Nd6 28. Qe2 Nb7 {Black is of course happy with a draw given the
tournament situation but Jobava wants to play on.} 29. Nb5 Qe7 30. Rd1 Nc5 (
30... Rxd1+ 31. Qxd1 Nb8 $1 $11 {A hard move to see and probably what Black
missed. The idea is to stop Qd5 and penetrate along the d-file.}) 31. Rd5 Rxd5
$6 (31... Rd7 $142 32. Qd1 Rd8 {Black needs to wait here and the position is
still balanced.}) 32. exd5 Nb8 33. b4 (33. Qxe5 Qxe5 34. Nxe5 Nxa4 35. Nd3 c6
36. dxc6 Nxc6 37. f4 $14 {leads to a slightly better ending for White.}) 33...
axb4 34. cxb4 Ncd7 35. Qe4 Na6 36. d6 $1 cxd6 37. Nc3 Qe6 $6 (37... Qd8 {
was necessary but a hard move to find.} 38. Qd3 (38. Nd5) 38... Nxb4 39. Qxd6
Na6 $11) 38. Nd2 (38. Nd5 g6 39. Nd2 Kg7 40. Qc4 Nf6 41. Nxf6 Qxc4 42. Ne8+ Kf8
43. Nxc4 Kxe8 44. b5 $16) 38... f5 39. Qa8+ Nab8 40. a5 $6 {Jobava could have
also been a bit more prophylactic and restricted his opponent more.} (40. Nd5
Kh7 41. Qb7 e4 42. Nf1 {White wins comfortably after winning the b6-pawn.})
40... bxa5 41. bxa5 d5 42. Nxd5 Kf7 $2 (42... Kh7 $142 $14) 43. Nc4 $2 (43. Nb6
$1 {should win for White but with queens it could be tricky practically. The
position is definitely winning for White though.} Qd6 44. Ndc4 Qd1+ 45. Kh2 Qd4
46. Nxd7 Nxd7 47. Ne3 Qxh4+ 48. Kg1 Qd4 49. a6 Nb6 50. Qb7+ Kg6 51. a7 f4 52.
Nf1 e4 53. Qxb6+ Qxb6 54. a8=Q $18) 43... Qc6 44. Qxc6 Nxc6 45. a6 Na7 46. h5
Nc5 47. Nb4 Kf6 48. Kh2 e4 {Black is in time to defend himself.} 49. f4 1/2-1/2